000 00312nam a22001337a 4500
008 171020b xxu||||| |||| 00| 0 eng d
020 _a9812530274
041 _aeng
080 _a338
100 _a54
101 _aMEN
245 _aDESIGN AND ANALYSIS OF LEAN PRODUCTION SYSTEMS
_cASKIN,R.G
942 _2udc
_cBK
999 _c35027
_d35027